Loading...
| Current Events | 1 | 20.00 | 100% | 0% | 100% |
| Fine Arts - Auditory Fine Arts | 4 | 15.00 | 100% | 50% | 0% |
| Fine Arts - Other Fine Arts | 7 | 14.29 | 100% | 43% | 0% |
| Fine Arts - Visual Fine Arts | 5 | 12.00 | 100% | 20% | 0% |
| Geography | 2 | 20.00 | 100% | 100% | 0% |
| History - American History | 7 | 15.71 | 100% | 29% | 29% |
| History - European History | 2 | 20.00 | 100% | 100% | 0% |
| History - Other History | 4 | 10.00 | 100% | 0% | 0% |
| History - World History | 4 | 15.00 | 75% | 75% | 0% |
| Literature - American Literature | 6 | 13.33 | 100% | 33% | 0% |
| Literature - British Literature | 5 | 14.00 | 100% | 40% | 0% |
| Literature - European Literature | 2 | 20.00 | 100% | 100% | 0% |
| Literature - World Literature | 6 | 15.00 | 100% | 50% | 0% |
| Mythology | 7 | 20.00 | 100% | 57% | 43% |
| Other Academic | 1 | 10.00 | 100% | 0% | 0% |
| Philosophy | 5 | 8.00 | 40% | 40% | 0% |
| Pop Culture | 3 | 13.33 | 100% | 33% | 0% |
| Religion | 3 | 10.00 | 100% | 0% | 0% |
| Science - Biology | 5 | 10.00 | 80% | 20% | 0% |
| Science - Chemistry | 3 | 6.67 | 67% | 0% | 0% |
| Science - Other Science | 8 | 11.25 | 75% | 38% | 0% |
| Science - Physics | 4 | 7.50 | 50% | 25% | 0% |
| Social Science | 6 | 18.33 | 100% | 67% | 17% |